Очерки по истории вооруженных восстаний в революции 1905-1907 гг. (Запис № 372557)

МАРК-запис
000 -Лідер
fixed length control field 00641nam a22002297a 4500
001 - Контрольний номер
control field 86504
003 - Ідентифікатор контрольного номера
control field UA-OsUOA
005 - Дата та час останнього входження (трансакції)
control field 20211016095122.0
007 - Фіксоване поле фізичного опису
fixed length control field ta
008 - Елементи даних фіксованої довжини – загальна інформація
fixed length control field 20120904b un ||||| |||| 00| 0 ukr d
040 ## - Джерело каталогізації
Агенція оригінальної каталогізації UA-OsUOA
Мова каталогізації rus
Агенція, яка здійснювала перезапис UA-OsUOA
Агенція, яка здійснювала модифікацію UA-OsUOA
041 ## - Код мови
Код мови тексту/ звукової доріжки чи окремого заголовка (П) rus
080 ## - Індекс Універсальної десяткової класифікації
Індекс Універсальної десяткової класифікації (УДК) (НП) 94(47+57)
090 ## - Локальний шифр розміщення
Класифікаційний індекс УДК 94(47+57)
Авторський знак (НП) Б74
100 ## - Основне введення – ім’я особи
Ім’я особи (НП) Богуцкая Л.
245 ## - Відомості про назву
Назва (НП) Очерки по истории вооруженных восстаний в революции 1905-1907 гг.
260 ## - Публікація, розповсюдження і т.п. (Вихідні дані)
Місце публікації, розповсюдження і т.п. (П) М.
Ім’я/ наймення видавництва, розповсюджувача і т.п. (П) Госиздполлит
Дата публікації, розповсюдження і т.п. (П) 1956
300 ## - Фізичний опис
Обсяг 215 с.
650 #7 - Додаткове предметне введення – тематичний термін
Тематичний термін чи географічна назва, як елемент введення (НП) 94 Історія
Джерело заголовка чи терміна UDC
942 ## - Додаткові елементи входу (Коха)
Тип елемента Koha Книги
Source of classification or shelving scheme Universal Decimal Classification
955 ## - Код типу видання за змістом
Код типу видання за змістом (НП) Навчальні видання
Фонди
Стан вилучень Стан втрат Джерело класифікації або схеми стелажів Стан уражень Не для кредиту Постійне місце розташування Поточне розміщення Дата придбання Інвентарний номер Усього замовленно Повний номер виклику Штрих-код Дата останнього перегляду Ціна ефективна від Тип елемента Koha
    Universal Decimal Classification     АБ - Абонемент НБ АБ - Абонемент НБ 04/09/2012 41802   94(47+57) Б74 41802 27/01/2022 04/09/2012 Книги